000
00339nam a2200133Ia 4500
008
260604s9999 xx 000 0 und d
020
_a
9789386245427
082
_a
330 KAR
100
_a
Dr. m karpagam
_9
35938
245
0
_a
Environmental Economics: A Text Book (PP)
260
_b
STERLING
500
_a
Economy, Environmental
942
_c
BK
999
_c
8778
_d
8778